The collected plays of Terence Rattigan / (Record no. 22281)
[ view plain ]
| 000 -LEADER | |
|---|---|
| fixed length control field | 01071nam a2200253 a 4500 |
| 001 - CONTROL NUMBER | |
| control field | 22281 |
| 003 - CONTROL NUMBER IDENTIFIER | |
| rucl marc code | UkOxU |
| 005 - DATE AND TIME OF LATEST TRANSACTION | |
| control field | 20211209000804.0 |
| 008 - FIXED-LENGTH DATA ELEMENTS--GENERAL INFORMATION | |
| fixed length control field | 140308r19601953enk 000 1 eng u |
| 035 ## - SYSTEM CONTROL NUMBER | |
| System control number | (BD-RjUL)22346 |
| 040 ## - CATALOGING SOURCE | |
| Original cataloging agency | MnU |
| Language of cataloging | eng |
| Transcribing agency | CaOTULAS |
| Modifying agency | MnU |
| -- | BD-RjUL |
| 041 ## - LANGUAGE CODE | |
| Language code of text/sound track or separate title | eng |
| 082 ## - DEWEY DECIMAL CLASSIFICATION NUMBER | |
| Classification number | 822.912 |
| Author mark and year | RAC V-1 1960 |
| 100 1# - MAIN ENTRY--PERSONAL NAME | |
| Personal name | Rattigan, Terence. |
| 9 (RLIN) | 61512 |
| 245 14 - TITLE STATEMENT | |
| Title | The collected plays of Terence Rattigan / |
| Remainder of title | by Terence Rattigan. |
| Number of part/section of a work | Volume One |
| 260 ## - PUBLICATION, DISTRIBUTION, ETC. (IMPRINT) | |
| Place of publication, distribution, etc. | London : |
| Name of publisher, distributor, etc. | H. Hamilton, |
| Date of publication, distribution, etc. | [Impression 1960]. |
| 300 ## - PHYSICAL DESCRIPTION | |
| Pagination | v. ; |
| Size | 21 cm. |
| 505 1# - FORMATTED CONTENTS NOTE | |
| Formatted contents note | v.1. French without tears.- Flare path.- While the sun shines.- Love in idleness.- The Winslow boy.- v.2. The Browning version.- Harlequinade.- Adventure story.- Who is Sylvia?- The deep blue sea.- v.3. The sleeping prince.- Separate tables.- Variation on a theme.- Ross.- Heart to heart.-- v.4. Man and boy. A bequest to the nation. In praise of love. Before dawn. Cause celebre. |
| 650 #0 - SUBJECT ADDED ENTRY--TOPICAL TERM | |
| Topical term or geographic name as entry element | English drama |
| 9 (RLIN) | 68786 |
| 942 ## - ADDED ENTRY ELEMENTS (KOHA) | |
| Source of classification or shelving scheme | Dewey Decimal Classification |
| Koha item type | Books |
| Lost status | Source of classification or shelving scheme | Damaged status | Not for loan | Collection code | Permanent Location | Current Location | Shelving location | Date acquired | Source of acquisition | Cost, normal purchase price | Total Checkouts | Full call number | Date last seen | Copy number | Koha item type |
|---|---|---|---|---|---|---|---|---|---|---|---|---|---|---|---|
| Dewey Decimal Classification | Added to bundle | Fiction | Central Library, University of Rajshahi | Central Library, University of Rajshahi | Reading Room | 24/03/1964 | Zetlinger | 21.00 | 822.912 RAC V-1 1960 | 08/03/2014 | C-1 | Books |